[Event "Noisiel 5th op"]
[Site "Noisiel"]
[Date "2020.02.15"]
[Round "1"]
[White "Koulitchenko, Alexandre"]
[Black "Moussard, Jules"]
[Result "0-1"]
[WhiteElo "2191"]
[BlackElo "2608"]
[PlyCount "102"]
[EventDate "2020.02.15"]
[EventType "swiss"]
[EventRounds "9"]
[EventCountry "FRA"]

1. e4 d6 2. d4 Nf6 3. Nc3 g6 4. Nf3 Bg7 5. Be2 O-O 6. O-O a6 7. a4 Nc6 8. Re1
Bg4 9. d5 Bxf3 10. Bxf3 Ne5 11. Be2 c6 12. f4 Ned7 13. dxc6 bxc6 14. Bf3 Qc7
15. Qe2 e5 16. g3 Rfe8 17. Qf2 Rab8 18. Rb1 Nc5 19. fxe5 Rxe5 20. Bf4 Nfd7 21.
Bxe5 Bxe5 22. Nd1 Nxa4 23. c3 Bg7 24. Be2 a5 25. Bd3 Nac5 26. Bc2 Ne5 27. Rf1
h5 28. Kh1 Qe7 29. Qe2 Rb5 30. Ne3 Ned7 31. Ng2 Nf6 32. Rfe1 Ncxe4 33. Bxe4 Re5
34. Qa6 Nxe4 35. Kg1 Qd7 36. Rbd1 Kh7 37. Nh4 f5 38. Nf3 Rc5 39. Kg2 Bf6 40.
Re2 Qf7 41. Qc8 Qc4 42. Qd7+ Kh6 43. Rde1 Qd5 44. h4 a4 45. Qe8 a3 46. Kh3 axb2
47. Ng5 Rxc3 48. Rxe4 fxe4 49. Qf8+ Bg7 50. Nf7+ Kh7 51. Qe7 Qf5+ 0-1

[Event "Noisiel 5th op"]
[Site "Noisiel"]
[Date "2020.02.15"]
[Round "1"]
[White "Solodovnichenko, Yuri"]
[Black "Nair, Sanjeev"]
[Result "1-0"]
[WhiteElo "2567"]
[BlackElo "2172"]
[PlyCount "73"]
[EventDate "2020.02.15"]
[EventType "swiss"]
[EventRounds "9"]
[EventCountry "FRA"]

1. e4 c5 2. Nf3 d6 3. d4 cxd4 4. Nxd4 Nf6 5. Nc3 Nc6 6. Bg5 e6 7. Qd2 a6 8.
O-O-O Bd7 9. f3 Nxd4 10. Qxd4 Be7 11. Be3 O-O 12. g4 Bc6 13. g5 Nd7 14. h4 b5
15. a3 Rc8 16. Kb1 Bb7 17. h5 Qc7 18. g6 Bf6 19. Qxd6 Ne5 20. Qxc7 Rxc7 21.
gxh7+ Kxh7 22. Be2 Nc4 23. Bxc4 Rxc4 24. Ne2 Rfc8 25. Rd2 a5 26. h6 g6 27. Bb6
Bc6 28. b3 Bg5 29. Rhd1 Bxd2 30. Rxd2 Rxe4 31. fxe4 Bxe4 32. Be3 e5 33. Kb2 b4
34. axb4 axb4 35. c3 bxc3+ 36. Nxc3 Bc6 37. Nd5 1-0

[Event "Noisiel 5th op"]
[Site "Noisiel"]
[Date "2020.02.15"]
[Round "1"]
[White "Schmit, Vincent"]
[Black "Nikolov, Momchil"]
[Result "0-1"]
[WhiteElo "2171"]
[BlackElo "2539"]
[PlyCount "50"]
[EventDate "2020.02.15"]
[EventType "swiss"]
[EventRounds "9"]
[EventCountry "FRA"]

1. e4 c5 2. Nf3 e6 3. d4 cxd4 4. Nxd4 a6 5. Bd3 Qb6 6. Nb3 Qc7 7. O-O Nf6 8. c4
d6 9. Nc3 Nbd7 10. f4 b6 11. Qe2 Bb7 12. Bd2 Be7 13. Rae1 Rd8 14. g4 Nc5 15.
Bc2 Nxb3 16. axb3 h6 17. g5 hxg5 18. fxg5 Nd7 19. g6 fxg6 20. Qg4 Qc5+ 21. Rf2
Ne5 22. Qxe6 Bc8 23. Qd5 Nf3+ 24. Kf1 Nxh2+ 25. Kg2 Bh3+ 0-1

[Event "Noisiel 5th op"]
[Site "Noisiel"]
[Date "2020.02.15"]
[Round "1"]
[White "Dimitrov, Radoslav"]
[Black "Boulos, Carlos"]
[Result "1-0"]
[WhiteElo "2519"]
[BlackElo "2137"]
[PlyCount "91"]
[EventDate "2020.02.15"]
[EventType "swiss"]
[EventRounds "9"]
[EventCountry "FRA"]

1. Nc3 Nf6 2. e4 e5 3. Bc4 Nc6 4. d3 Bc5 5. Bg5 h6 6. Bh4 Be7 7. Bg3 d6 8. a3
O-O 9. h3 a6 10. Nge2 Be6 11. Nd5 Bxd5 12. exd5 Nb8 13. Nc3 Nbd7 14. O-O Nh7
15. Ne2 f5 16. f4 Kh8 17. Bh2 g5 18. fxe5 dxe5 19. d4 f4 20. dxe5 Bc5+ 21. Kh1
Nxe5 22. Bb3 Nf6 23. Nd4 Bxd4 24. Qxd4 Qd6 25. Rad1 c5 26. dxc6 Qxd4 27. Rxd4
Nxc6 28. Rd6 Kg7 29. g3 fxg3 30. Bxg3 Ne4 31. Rd7+ Kg6 32. Rxf8 Rxf8 33. Kg2
Nxg3 34. Kxg3 b5 35. c4 Ne5 36. Bc2+ Kf6 37. Rd6+ Ke7 38. c5 Rc8 39. b4 Rc6 40.
Rxc6 Nxc6 41. Be4 Nd8 42. Kg4 Kf6 43. Bd5 Ke5 44. c6 Kd6 45. Kh5 Kc7 46. Kxh6
1-0

[Event "Noisiel 5th op"]
[Site "Noisiel"]
[Date "2020.02.15"]
[Round "1"]
[White "Roebers, Eline"]
[Black "Maiorov, Nikita"]
[Result "0-1"]
[WhiteElo "2129"]
[BlackElo "2506"]
[PlyCount "88"]
[EventDate "2020.02.15"]
[EventType "swiss"]
[EventRounds "9"]
[EventCountry "FRA"]

1. e4 e5 2. Nf3 Nc6 3. d4 exd4 4. Nxd4 Bc5 5. Nb3 Bb6 6. Nc3 d6 7. Qe2 a5 8.
Nd5 Ba7 9. a4 Nge7 10. Bg5 f6 11. Be3 O-O 12. O-O-O Re8 13. Bxa7 Rxa7 14. Qd2
Ng6 15. f3 f5 16. Nd4 Nxd4 17. Qxd4 c5 18. Qc4 Be6 19. exf5 Qg5+ 20. Kb1 Qxf5
21. Qb5 Qf7 22. Nc7 Ba2+ 23. Ka1 Rc8 24. Qb6 Qxc7 25. Qxc7 Rxc7 26. Kxa2 Rd7
27. Bb5 Rd8 28. Bc4+ Kf8 29. Rhe1 Ne7 30. Bd5 b6 31. Kb3 Nxd5 32. Rxd5 Re7 33.
Rxe7 Kxe7 34. Kc4 Kd7 35. Kb5 Re8 36. Rg5 g6 37. b3 Re2 38. h4 Rxc2 39. h5 Rc3
40. h6 Rxb3+ 41. Ka6 Rb4 42. g4 Rf4 43. Kxb6 Rb4+ 44. Kxa5 Kc6 0-1

[Event "Noisiel 5th op"]
[Site "Noisiel"]
[Date "2020.02.15"]
[Round "1"]
[White "Bailet, Pierre"]
[Black "Ahmed Holi Ali, Moawia"]
[Result "1-0"]
[WhiteElo "2506"]
[BlackElo "2121"]
[PlyCount "78"]
[EventDate "2020.02.15"]
[EventType "swiss"]
[EventRounds "9"]
[EventCountry "FRA"]

1. e4 e5 2. Nf3 Nc6 3. Bb5 a6 4. Ba4 Nf6 5. O-O b5 6. Bb3 Be7 7. d4 d6 8. c3
O-O 9. h3 exd4 10. cxd4 Na5 11. Bc2 Bb7 12. Nbd2 c5 13. d5 Nd7 14. Rb1 Bf6 15.
Nh2 g6 16. f4 Bg7 17. Ndf3 Nf6 18. Ng4 Nxe4 19. Bxe4 f5 20. Ng5 Bc8 21. Ne6
Bxe6 22. dxe6 fxe4 23. f5 d5 24. e7 Qxe7 25. f6 Qe6 26. fxg7 Rxf1+ 27. Qxf1 h5
28. Bh6 Qf5 29. Nf6+ Kf7 30. Nxd5 Nc4 31. b3 Nd2 32. Bxd2 Kxg7 33. Bc3+ Kh6 34.
Qc1+ Kh7 35. Nf6+ Kg7 36. Ng4+ Kf8 37. Qh6+ Ke7 38. Qg7+ Qf7 39. Qe5+ Qe6 1-0

[Event "Noisiel 5th op"]
[Site "Noisiel"]
[Date "2020.02.15"]
[Round "1"]
[White "Gherghinoiu, Lucas"]
[Black "Enchev, Ivajlo"]
[Result "0-1"]
[WhiteElo "2120"]
[BlackElo "2496"]
[PlyCount "84"]
[EventDate "2020.02.15"]
[EventType "swiss"]
[EventRounds "9"]
[EventCountry "FRA"]

1. e4 e5 2. Nf3 Nc6 3. Bc4 Bc5 4. d3 Nf6 5. Bb3 d6 6. c3 O-O 7. O-O Be6 8. Bc2
d5 9. exd5 Qxd5 10. Nbd2 Bf5 11. Qe2 Rad8 12. Ne4 Be7 13. Bg5 Bg4 14. Qe3 Qe6
15. Nxf6+ Bxf6 16. Bxf6 Qxf6 17. Ng5 Qg6 18. Ne4 f5 19. Nc5 f4 20. Qe4 Bf5 21.
Qc4+ Kh8 22. f3 Ne7 23. Rae1 b6 24. Ne4 Nd5 25. Rf2 c5 26. Bb1 Ne3 27. Qa4 Bh3
28. Ree2 c4 29. Qb5 Rd5 30. Qa6 cxd3 31. Rd2 Rfd8 32. a3 Bc8 33. Qa4 Bf5 34.
Qb4 h6 35. Ba2 R5d7 36. Kh1 a5 37. Qa4 b5 38. Qxa5 Bxe4 39. fxe4 Qxe4 40. h3
Nf5 41. Qxb5 Ng3+ 42. Kh2 Qe1 0-1

[Event "Noisiel 5th op"]
[Site "Noisiel"]
[Date "2020.02.15"]
[Round "1"]
[White "Velten, Paul"]
[Black "Toure, Vasanth"]
[Result "1-0"]
[WhiteElo "2483"]
[BlackElo "2115"]
[PlyCount "125"]
[EventDate "2020.02.15"]
[EventType "swiss"]
[EventRounds "9"]
[EventCountry "FRA"]

1. d4 d5 2. c4 e6 3. Nf3 a6 4. cxd5 exd5 5. Nc3 c6 6. Bf4 Bd6 7. Bxd6 Qxd6 8.
Qc2 Ne7 9. e3 Bf5 10. Qb3 Qc7 11. Rc1 Qc8 12. Nh4 Be6 13. Na4 Nd7 14. Bd3 O-O
15. O-O Ng6 16. Nf3 Bg4 17. Nd2 f5 18. Qc2 Ne7 19. f3 Bh5 20. Rf2 Qc7 21. Nf1
g5 22. f4 g4 23. Nc5 Nxc5 24. dxc5 Rad8 25. Ng3 Be8 26. Nxf5 Nxf5 27. Bxf5 Qg7
28. e4 Bg6 29. Bxg6 Qxg6 30. e5 Qxc2 31. Rcxc2 Rf5 32. g3 Kf7 33. h3 gxh3 34.
Rh2 Ke6 35. Rxh3 h5 36. Rch2 Rh8 37. Kf2 d4 38. Kf3 Kd5 39. b4 a5 40. bxa5 Rh7
41. Rh1 Rh8 42. R3h2 Rh7 43. Rd1 Re7 44. Re2 Rf8 45. Re4 Kxc5 46. Rdxd4 Kb5 47.
e6 Kxa5 48. Re5+ Kb6 49. f5 Kc7 50. Rh4 Kd6 51. Kf4 Rh7 52. g4 Rg7 53. e7 Rxe7
54. Rxe7 Kxe7 55. Rxh5 c5 56. Rh7+ Kd6 57. g5 c4 58. f6 c3 59. Rh1 Rc8 60. Kf5
c2 61. Rc1 Kd7 62. Kg6 Ke8 63. Kg7 1-0

[Event "Noisiel 5th op"]
[Site "Noisiel"]
[Date "2020.02.15"]
[Round "1"]
[White "Peric, Slavisa"]
[Black "Terrieux, Kevin"]
[Result "0-1"]
[WhiteElo "2081"]
[BlackElo "2453"]
[PlyCount "66"]
[EventDate "2020.02.15"]
[EventType "swiss"]
[EventRounds "9"]
[EventCountry "FRA"]

1. d4 d5 2. Nf3 Nf6 3. c4 dxc4 4. e3 a6 5. Bxc4 b5 6. Bb3 Bb7 7. O-O e6 8. a4
Nbd7 9. Qe2 c5 10. axb5 axb5 11. Rxa8 Qxa8 12. Nbd2 b4 13. Bc4 Be7 14. Re1 cxd4
15. exd4 Bd5 16. Bxd5 Qxd5 17. Nc4 O-O 18. h3 Rc8 19. b3 Ra8 20. Bb2 Bd8 21.
Qf1 Nb6 22. Nfd2 Qb7 23. Ra1 Nbd5 24. g3 Bc7 25. Rxa8+ Qxa8 26. Qa1 Qb7 27. Qc1
h5 28. Ne5 h4 29. Nf1 hxg3 30. fxg3 Bxe5 31. dxe5 Ne4 32. Bd4 Ndc3 33. Qe3 Qd5
0-1

[Event "Noisiel 5th op"]
[Site "Noisiel"]
[Date "2020.02.15"]
[Round "1"]
[White "Mohammad, Nubairshah Shaikh"]
[Black "Meillon, Judicael"]
[Result "1-0"]
[WhiteElo "2415"]
[BlackElo "2051"]
[PlyCount "81"]
[EventDate "2020.02.15"]
[EventType "swiss"]
[EventRounds "9"]
[EventCountry "FRA"]

1. d4 Nf6 2. c4 e5 3. dxe5 Ne4 4. Nf3 b6 5. g3 Bc5 6. e3 Bb7 7. Bg2 Ng5 8. Nbd2
Bb4 9. O-O Bxd2 10. Bxd2 Nxf3+ 11. Bxf3 Bxf3 12. Qxf3 Nc6 13. Bc3 O-O 14. Rad1
Qe7 15. Rd5 Rad8 16. Rfd1 Nb4 17. Bxb4 Qxb4 18. b3 Qa3 19. Qe2 d6 20. R1d3 h6
21. Qd2 Qa6 22. exd6 cxd6 23. Rxd6 Rc8 24. Rd7 Qa3 25. Rb7 Rb8 26. Rdd7 Rxb7
27. Rxb7 Qa6 28. Rd7 Qa3 29. h4 a5 30. Rb7 Qc5 31. Qd4 Qa3 32. Qd2 Qc5 33. a4
Qc6 34. Qd5 Qg6 35. Kg2 Rc8 36. h5 Qf6 37. Rd7 Rc6 38. Rd8+ Kh7 39. Qe4+ g6 40.
Qe8 Qg7 41. Qxc6 1-0

[Event "Noisiel 5th op"]
[Site "Noisiel"]
[Date "2020.02.15"]
[Round "1"]
[White "Mota, Pankit"]
[Black "D'Cunha, Viani Antonio"]
[Result "0-1"]
[WhiteElo "2048"]
[BlackElo "2403"]
[PlyCount "68"]
[EventDate "2020.02.15"]
[EventType "swiss"]
[EventRounds "9"]
[EventCountry "FRA"]

1. e4 e5 2. Nf3 Nc6 3. Bc4 Nf6 4. d3 Bc5 5. c3 O-O 6. Nbd2 a5 7. a4 d6 8. O-O
h6 9. Re1 Re8 10. Qb3 Qe7 11. h3 Rb8 12. Nf1 Be6 13. Ng3 Qd7 14. Qd1 Ne7 15.
Bxe6 Qxe6 16. d4 exd4 17. cxd4 Bb6 18. Bd2 d5 19. exd5 Qxd5 20. Re5 Qd7 21.
Bxa5 Bxa5 22. Rxa5 Nc6 23. Ne5 Qxd4 24. Nxc6 Qxd1+ 25. Rxd1 bxc6 26. Rc5 Re6
27. Rdc1 Rxb2 28. Rxc6 Nd5 29. R6c5 Nf4 30. Rf5 g5 31. Rxc7 Re1+ 32. Kh2 Rxf2
33. Rxf4 gxf4 34. Nh5 Rff1 0-1

[Event "Noisiel 5th op"]
[Site "Noisiel"]
[Date "2020.02.15"]
[Round "1"]
[White "Hansen, Mads"]
[Black "Le Pen, Steven"]
[Result "1-0"]
[WhiteElo "2394"]
[BlackElo "2047"]
[PlyCount "93"]
[EventDate "2020.02.15"]
[EventType "swiss"]
[EventRounds "9"]
[EventCountry "FRA"]

1. e4 c5 2. Nf3 d6 3. Bc4 Nc6 4. c3 Nf6 5. d3 g6 6. O-O Bg7 7. Nbd2 O-O 8. Bb3
Rb8 9. a4 a6 10. Re1 b5 11. axb5 axb5 12. d4 c4 13. Bc2 e5 14. d5 Na5 15. h3
Nd7 16. Nf1 Nc5 17. Be3 Nab3 18. Ra3 Bd7 19. N3d2 b4 20. cxb4 Rxb4 21. Bxb3
cxb3 22. Bxc5 dxc5 23. Qf3 c4 24. Ra7 Bb5 25. Rea1 Qd6 26. Qc3 Rb8 27. Ne3 Rc8
28. Rb7 Bf8 29. Ng4 h5 30. Nxe5 Bg7 31. f4 Ra4 32. Rxa4 Bxa4 33. Kh1 Be8 34.
Rb4 Qa6 35. Rxc4 Rxc4 36. Ndxc4 Qa1+ 37. Kh2 Qf1 38. Qf3 Qc1 39. d6 Bb5 40. Qe3
Qc2 41. Na3 Qxb2 42. Nxb5 Bxe5 43. d7 Bf6 44. Nd4 Kg7 45. Nxb3 g5 46. e5 Bd8
47. Nd4 1-0

[Event "Noisiel 5th op"]
[Site "Noisiel"]
[Date "2020.02.15"]
[Round "1"]
[White "Vinodh, Kumar B"]
[Black "Popov, Konstantin"]
[Result "1-0"]
[WhiteElo "2034"]
[BlackElo "2391"]
[PlyCount "125"]
[EventDate "2020.02.15"]
[EventType "swiss"]
[EventRounds "9"]
[EventCountry "FRA"]

1. d4 Nf6 2. Nf3 e6 3. e3 b6 4. Be2 Bb7 5. b3 Be7 6. Bb2 O-O 7. Nbd2 c5 8. O-O
d6 9. Re1 Nbd7 10. c4 Re8 11. Rc1 Bf8 12. Bf1 e5 13. dxe5 dxe5 14. e4 Qc7 15.
Qc2 Nb8 16. Nb1 Nc6 17. Nc3 Nd4 18. Nxd4 exd4 19. Nd5 Nxd5 20. cxd5 Qd6 21. b4
f5 22. f3 fxe4 23. fxe4 Qe5 24. bxc5 bxc5 25. g3 Bd6 26. Ba3 Rac8 27. Qd2 Rf8
28. Bg2 h5 29. Bh3 Rc7 30. Be6+ Kh7 31. Rf1 Bc8 32. Rxf8 Bxf8 33. Bxc8 Rxc8 34.
Qf4 Qxf4 35. gxf4 d3 36. Kf2 Rb8 37. Ke3 Rb5 38. e5 g5 39. d6 gxf4+ 40. Kxd3
Kg6 41. Rxc5 Rb8 42. Ke4 Kf7 43. Kxf4 Ke6 44. Kg5 Bg7 45. Rc7 Bxe5 46. Re7+ Kd5
47. h3 h4 48. Rxa7 Bg3 49. Kf6 Bf2 50. Ra5+ Kc6 51. Ke7 Rb7+ 52. Ke6 Rb1 53.
Ra6+ Kb7 54. Ra4 Re1+ 55. Kd7 Re2 56. Rb4+ Bb6 57. Rb2 Re5 58. Rb3 Rh5 59. Bc1
Re5 60. Bf4 Re4 61. Bg5 Ka6 62. a3 Bf2 63. Rb4 1-0

[Event "Noisiel 5th op"]
[Site "Noisiel"]
[Date "2020.02.15"]
[Round "1"]
[White "Jonkman, Harmen"]
[Black "Bellaiche, Elise"]
[Result "1-0"]
[WhiteElo "2385"]
[BlackElo "2033"]
[PlyCount "49"]
[EventDate "2020.02.15"]
[EventType "swiss"]
[EventRounds "9"]
[EventCountry "FRA"]

1. e4 c5 2. Nf3 e6 3. c3 Nf6 4. e5 Nd5 5. d4 cxd4 6. cxd4 b6 7. Nc3 Nxc3 8.
bxc3 Qc7 9. Bd2 Bb7 10. Bd3 d6 11. O-O Nd7 12. Ng5 dxe5 13. Qh5 g6 14. Qh3 Bg7
15. Rfe1 Nf8 16. Bb5+ Nd7 17. f4 a6 18. Ba4 h6 19. Nxe6 fxe6 20. Qxe6+ Kd8 21.
Qxg6 Nf6 22. fxe5 Ne8 23. c4 Qxc4 24. Bxe8 Rxe8 25. Qd6+ 1-0

[Event "Noisiel 5th op"]
[Site "Noisiel"]
[Date "2020.02.15"]
[Round "1"]
[White "Galan, Francois"]
[Black "Gatineau, Yovann"]
[Result "0-1"]
[WhiteElo "2025"]
[BlackElo "2381"]
[PlyCount "58"]
[EventDate "2020.02.15"]
[EventType "swiss"]
[EventRounds "9"]
[EventCountry "FRA"]

1. e4 e5 2. Nf3 Nc6 3. Bb5 a6 4. Ba4 Nf6 5. O-O Bc5 6. c3 b5 7. Bb3 d6 8. d4
Bb6 9. Be3 O-O 10. Nbd2 Rb8 11. h3 h6 12. Re1 Re8 13. a4 Qd7 14. axb5 axb5 15.
d5 Ne7 16. Nf1 Ng6 17. Ng3 Nf4 18. Qd2 Nxg2 19. Kxg2 Qxh3+ 20. Kg1 Nxe4 21. Qe2
Nxg3 22. fxg3 Bxe3+ 23. Qxe3 Qxg3+ 24. Kh1 e4 25. Nd4 Qh4+ 26. Kg1 Re5 27. Re2
Rh5 28. Qxe4 Rg5+ 29. Kf1 Bh3+ 0-1

[Event "Noisiel 5th op"]
[Site "Noisiel"]
[Date "2020.02.15"]
[Round "1"]
[White "Rostgaard, Tobias Valentin"]
[Black "Labrande, Theodore"]
[Result "1-0"]
[WhiteElo "2364"]
[BlackElo "2021"]
[PlyCount "101"]
[EventDate "2020.02.15"]
[EventType "swiss"]
[EventRounds "9"]
[EventCountry "FRA"]

1. e4 c5 2. Nc3 Nc6 3. f4 g6 4. Nf3 Bg7 5. Bb5 Nd4 6. O-O a6 7. Bc4 e6 8. a4
Ne7 9. d3 b6 10. e5 d5 11. exd6 Nef5 12. d7+ Bxd7 13. Ne5 O-O 14. Ne4 Nc6 15.
Nxd7 Qxd7 16. c3 Rfd8 17. Qe2 Na5 18. Be3 Nxc4 19. dxc4 Qd3 20. Qxd3 Rxd3 21.
Bf2 a5 22. Rfd1 Rad8 23. Rxd3 Rxd3 24. Kf1 e5 25. Ke2 Rd8 26. g4 Nh6 27. g5 Ng4
28. Bg3 exf4 29. Bxf4 Be5 30. Bxe5 Nxe5 31. b3 h6 32. h4 Kg7 33. Nf6 hxg5 34.
hxg5 Rd3 35. Rh1 Rxc3 36. Rh7+ Kf8 37. Rh8+ Ke7 38. Re8+ Kd6 39. Ne4+ Kd7 40.
Rxe5 Rxb3 41. Nf6+ Kd6 42. Re3 Rb4 43. Ne4+ Ke5 44. Kf3 Kf5 45. Rd3 Rxa4 46.
Rd5+ Ke6 47. Kf4 Ke7 48. Rd6 b5 49. Ke5 Rxc4 50. Nf6 Rc1 51. Rd7+ 1-0

[Event "Noisiel 5th op"]
[Site "Noisiel"]
[Date "2020.02.15"]
[Round "1"]
[White "Mekhane, Adam"]
[Black "Shirazi, Kamran"]
[Result "1-0"]
[WhiteElo "2021"]
[BlackElo "2362"]
[PlyCount "131"]
[EventDate "2020.02.15"]
[EventType "swiss"]
[EventRounds "9"]
[EventCountry "FRA"]

1. e4 c5 2. Nf3 a6 3. Nc3 d6 4. d4 cxd4 5. Nxd4 e5 6. Nf5 Be6 7. g3 Nf6 8. Bg5
Nc6 9. Bg2 Bxf5 10. Bxf6 Bg4 11. Bxd8 Bxd1 12. Rxd1 Rxd8 13. Nd5 Be7 14. c3 O-O
15. O-O Rfe8 16. Nc7 Rf8 17. Nd5 Kh8 18. Rd3 Rfe8 19. Nxe7 Rxe7 20. Bh3 g6 21.
Rfd1 Na5 22. Rxd6 Rxd6 23. Rxd6 Nc4 24. Rd8+ Kg7 25. b3 Na3 26. Rc8 Nb5 27. f3
f5 28. a4 Nd6 29. Rd8 Nf7 30. Rd3 Kf6 31. Kf2 Rc7 32. Ke2 b5 33. a5 b4 34. cxb4
Rb7 35. Rc3 Rxb4 36. Rc6+ Kg5 37. Rb6 Rd4 38. exf5 gxf5 39. Rxa6 Nd6 40. Rc6
Rd5 41. b4 Rd4 42. a6 Nb5 43. Rb6 Rxb4 44. Kf2 f4 45. a7 Rb2+ 46. Kg1 Rb1+ 47.
Bf1 Rxf1+ 48. Kxf1 Nxa7 49. Rb7 Nc6 50. Rxh7 Nd4 51. Kf2 fxg3+ 52. hxg3 Nf5 53.
Ra7 Nd6 54. Ra5 Nf7 55. Ke3 Kf6 56. Ra6+ Kf5 57. g4+ Kg5 58. Ke4 Kh4 59. f4
Kxg4 60. fxe5 Ng5+ 61. Kd5 Kf5 62. Rf6+ Kg4 63. Rg6 Kh5 64. Rxg5+ Kxg5 65. Kd6
Kg6 66. e6 1-0

[Event "Noisiel 5th op"]
[Site "Noisiel"]
[Date "2020.02.15"]
[Round "1"]
[White "Bagheri, Amir"]
[Black "Helfer, Remi"]
[Result "1-0"]
[WhiteElo "2361"]
[BlackElo "2017"]
[PlyCount "65"]
[EventDate "2020.02.15"]
[EventType "swiss"]
[EventRounds "9"]
[EventCountry "FRA"]

1. d4 Nf6 2. Nf3 g6 3. Bg5 Bg7 4. Nbd2 d6 5. e4 O-O 6. c3 Nbd7 7. Bc4 c6 8. Bb3
Qc7 9. O-O e5 10. Re1 b5 11. a4 Bb7 12. Qc2 h6 13. Bh4 Nh5 14. dxe5 dxe5 15. c4
g5 16. Bg3 b4 17. c5 Nxg3 18. hxg3 Qa5 19. Rac1 Bf6 20. Red1 Rad8 21. Nf1 Be7
22. Rxd7 Rxd7 23. Nxe5 Rd4 24. Ne3 Bf6 25. Nxf7 Rxf7 26. Nf5 Rdd7 27. Nxh6+ Kf8
28. Nxf7 Rxf7 29. e5 Bxe5 30. Bxf7 Kxf7 31. Qf5+ Bf6 32. Rd1 Qxa4 33. Rd7+ 1-0

[Event "Noisiel 5th op"]
[Site "Noisiel"]
[Date "2020.02.15"]
[Round "1"]
[White "Houhou, Alexandre"]
[Black "Ivanov, Mikhail M"]
[Result "0-1"]
[WhiteElo "2014"]
[BlackElo "2353"]
[PlyCount "82"]
[EventDate "2020.02.15"]
[EventType "swiss"]
[EventRounds "9"]
[EventCountry "FRA"]

1. e4 d6 2. d4 g6 3. Nc3 a6 4. Nf3 Bg7 5. Be3 b5 6. Bd3 Bb7 7. a4 b4 8. Ne2 Nf6
9. Ng3 Nbd7 10. a5 c5 11. c3 O-O 12. cxb4 Ng4 13. Bc1 cxd4 14. h3 Nge5 15. Nxd4
Nxd3+ 16. Qxd3 d5 17. Be3 dxe4 18. Nxe4 Ne5 19. Qc2 Rc8 20. Nc5 Bxg2 21. Rg1
Bf3 22. Rg3 Qd5 23. Qb3 Qa8 24. Nxf3 Nxf3+ 25. Ke2 Nd4+ 26. Bxd4 Bxd4 27. Qc4
Bxb2 28. Ra2 Bf6 29. Qxa6 Rxc5 30. Qxa8 Re5+ 31. Re3 Rxa8 32. Rxe5 Bxe5 33. Kd3
Kf8 34. Ke4 Bc3 35. a6 Bxb4 36. Kd5 Be1 37. f3 Bf2 38. Kc6 Bd4 39. Kb7 Ra7+ 40.
Kb8 e5 41. Ra4 Re7 0-1

[Event "Noisiel 5th op"]
[Site "Noisiel"]
[Date "2020.02.15"]
[Round "1"]
[White "Macon, Arthur"]
[Black "Godebert, Florian"]
[Result "1-0"]
[WhiteElo "2343"]
[BlackElo "2002"]
[PlyCount "85"]
[EventDate "2020.02.15"]
[EventType "swiss"]
[EventRounds "9"]
[EventCountry "FRA"]

1. d4 Nf6 2. Nf3 e6 3. c4 Bb4+ 4. Nbd2 c5 5. a3 Bxd2+ 6. Bxd2 cxd4 7. Nxd4 a6
8. g3 O-O 9. Bg2 Nc6 10. Nxc6 dxc6 11. Bb4 Qxd1+ 12. Rxd1 Re8 13. Kd2 e5 14.
Kc3 Bf5 15. f3 Rad8 16. e4 Bc8 17. Ba5 Rxd1 18. Rxd1 Nd7 19. Bh3 Nf8 20. Bxc8
Rxc8 21. Bb6 f6 22. Kb4 Kf7 23. Bc5 Ne6 24. Rd7+ Kg6 25. Be3 Rd8 26. Rxd8 Nxd8
27. Kc5 b5 28. cxb5 axb5 29. Kd6 Kf7 30. f4 exf4 31. gxf4 Ke8 32. h4 g6 33. Bd4
g5 34. fxg5 fxg5 35. hxg5 Nf7+ 36. Kxc6 Nxg5 37. Kxb5 Nxe4 38. Kc6 h5 39. a4 h4
40. a5 h3 41. Be5 Nf6 42. a6 Ng4 43. Bc7 1-0

[Event "Noisiel 5th op"]
[Site "Noisiel"]
[Date "2020.02.15"]
[Round "1"]
[White "Bouton, Christophe"]
[Black "Bonte, Andrei Mihai"]
[Result "0-1"]
[WhiteElo "2001"]
[BlackElo "2302"]
[PlyCount "86"]
[EventDate "2020.02.15"]
[EventType "swiss"]
[EventRounds "9"]
[EventCountry "FRA"]

1. Nf3 Nf6 2. c4 c5 3. Nc3 e6 4. g3 b6 5. Bg2 Bb7 6. O-O d6 7. d4 cxd4 8. Qxd4
a6 9. b3 Nbd7 10. Bb2 Be7 11. Rac1 O-O 12. Qd2 Qc7 13. Bh3 Rfe8 14. Rfd1 Bf8
15. Nd4 Rac8 16. Qe1 Qb8 17. Qf1 g6 18. Bg2 h5 19. Bxb7 Qxb7 20. Qg2 Qc7 21.
Ne4 Nxe4 22. Qxe4 Nc5 23. Qc2 Qb7 24. Nf3 Bh6 25. Qc3 e5 26. Rb1 b5 27. Ba3 Ne4
28. Qd3 Nxf2 29. Kxf2 e4 30. Qd5 Qxd5 31. Rxd5 exf3 32. exf3 bxc4 33. bxc4 Rxc4
34. Bxd6 Rc2+ 35. Kf1 Ree2 36. f4 Rxh2 37. Kg1 Rcg2+ 38. Kf1 Rxa2 39. Kg1 Bg7
40. Be7 Rag2+ 41. Kf1 Rf2+ 42. Kg1 Rhg2+ 43. Kh1 Rxg3 0-1

[Event "Noisiel 5th op"]
[Site "Noisiel"]
[Date "2020.02.15"]
[Round "1"]
[White "Pozdnjakov, Viatcheslav"]
[Black "Dubourg, Pierrick"]
[Result "0-1"]
[WhiteElo "2295"]
[BlackElo "1965"]
[PlyCount "134"]
[EventDate "2020.02.15"]
[EventType "swiss"]
[EventRounds "9"]
[EventCountry "FRA"]

1. d4 Nf6 2. Nf3 e6 3. e3 Be7 4. Bd3 d5 5. b3 O-O 6. Nbd2 Nbd7 7. Bb2 c5 8. O-O
b6 9. Ne5 Bb7 10. f4 Ne4 11. Bxe4 dxe4 12. Nxd7 Qxd7 13. dxc5 Bxc5 14. Qe2 b5
15. Rfd1 Qc7 16. Kh1 a6 17. Nf1 Rfd8 18. Ng3 Bf8 19. Nh5 Rxd1+ 20. Rxd1 Rd8 21.
h3 f5 22. Be5 Qe7 23. Kh2 Bc6 24. Rd2 Be8 25. Ng3 Rd7 26. Rxd7 Qxd7 27. Qe1 b4
28. Ne2 Qd5 29. c4 bxc3 30. Qxc3 Qd3 31. Qc8 Bd7 32. Qd8 Qd5 33. Ng3 Kf7 34.
Nh5 h6 35. Qb6 Kg6 36. Ng3 Qc6 37. Qd8 Kf7 38. Ne2 Qc8 39. Qa5 Qb7 40. Qc3 Qc6
41. Qb2 Qd5 42. a4 Qd3 43. Bd4 g5 44. Nc1 Qf1 45. Ne2 Bd6 46. Ng3 Qd3 47. Be5
Bc5 48. b4 Bxe3 49. Bg7 Bc8 50. Qf6+ Ke8 51. Qf8+ Kd7 52. Qf7+ Kc6 53. Be5 Qd7
54. Qf8 gxf4 55. Nh5 f3 56. b5+ axb5 57. Qb4 Kb7 58. Bd6 fxg2 59. Kxg2 Qc6 60.
Kg3 Bd7 61. axb5 Qc1 62. Nf4 Qg1+ 63. Ng2 Qf2+ 64. Kh2 Qg1+ 65. Kg3 Bf2+ 66.
Kf4 Qxg2 67. Ke5 Qg7+ 0-1

[Event "Noisiel 5th op"]
[Site "Noisiel"]
[Date "2020.02.15"]
[Round "1"]
[White "Triger, Franck"]
[Black "Parnali, S Dharia"]
[Result "0-1"]
[WhiteElo "1961"]
[BlackElo "2275"]
[PlyCount "46"]
[EventDate "2020.02.15"]
[EventType "swiss"]
[EventRounds "9"]
[EventCountry "FRA"]

1. d4 Nf6 2. Nf3 d5 3. c4 e6 4. g3 Be7 5. Bg2 O-O 6. Nbd2 c5 7. cxd5 exd5 8.
O-O c4 9. Ne5 Bf5 10. Nb1 b5 11. a4 a6 12. Bg5 h6 13. Bxf6 gxf6 14. Nf3 b4 15.
Nfd2 Ra7 16. e4 dxe4 17. Nxe4 Rd7 18. Qh5 Bg6 19. Qxh6 f5 20. Nc5 Bg5 21. Qh3
Rxd4 22. a5 Qc7 23. Nb7 Kg7 0-1

[Event "Noisiel 5th op"]
[Site "Noisiel"]
[Date "2020.02.15"]
[Round "1"]
[White "Sahil, Tickoo"]
[Black "Stepien, Jaroslaw"]
[Result "1/2-1/2"]
[WhiteElo "2275"]
[BlackElo "1960"]
[PlyCount "93"]
[EventDate "2020.02.15"]
[EventType "swiss"]
[EventRounds "9"]
[EventCountry "FRA"]

1. d4 f5 2. Nf3 Nf6 3. c4 g6 4. Nc3 Bg7 5. Bf4 O-O 6. Qd2 d6 7. Bh6 Nc6 8. Bxg7
Kxg7 9. e3 e5 10. dxe5 dxe5 11. O-O-O Qe7 12. Nd5 Nxd5 13. cxd5 Nd8 14. d6 cxd6
15. Qxd6 Qxd6 16. Rxd6 Nf7 17. Rd1 Be6 18. b3 Rfd8 19. Be2 a5 20. Kb2 Kf6 21.
Rxd8 Rxd8 22. Rc1 g5 23. Rc2 g4 24. Nd2 Nd6 25. Bc4 Nxc4+ 26. Nxc4 Rd1 27. g3
Bd5 28. Rd2 Rxd2+ 29. Nxd2 Ke6 30. Kc3 b5 31. Kd3 Bg2 32. e4 h6 33. exf5+ Kxf5
34. Ke3 Ke6 35. Ne4 Bf3 36. Nd2 Bc6 37. f3 Kf5 38. a3 gxf3 39. Nxf3 b4 40. axb4
axb4 41. g4+ Kf6 42. Ne1 Bd5 43. Nd3 Bxb3 44. Nxb4 Kg5 45. Nc6 Kxg4 46. Nxe5+
Kh3 47. Kf4 1/2-1/2